LEADER 01254nam a2200313 u 4500 001 000000041980 003 CaOOAMICUS 005 20070226114256.0 008 990217r19801935it u000 u fre u 035 $a10814475 040 $aPUL(R)$bita 100 1 $aArangio-Ruiz, Vincenzo,$d1884-1964.$0(OLS)http://pul/name/1230 245 10$aCours de droit romain :$b(Les actions) /$cVincenzo Arangio-Ruiz ; con una nota di lettura di Luigi Labruna. 260 $aNapoli :$bE. Jovene,$cc1980. 300 $axiii, 97 p. ;$c25 cm 490 1 $aAntiqua ;$v2 500 $aRistampa dell'ed. del 1935. 504 $aBibliografia in nota. 650 4$aDiritto romano.$0(OLS)http://pul/subject/382 700 1 $aLabruna, Luigi,$d1937-$0(OLS)http://pul/name/5414 830 0$aAntiqua (Jovene) ;$v2.$0(OLS)http://pul/title/14121 850 $aPUL 852 $aPUL$W1$xSL Diritto e Scienze Sociali 1$y4$m182 D 83$j56798$nBK-PRI$b $qStampati$B56798$CPULBib$Z2$F56798 $H $81 941 1 $a8 960 $aRoman law$9382 960 $aRoman law$9382 961 $aINV: 66315 996 $6245$aCours de droit romain :$b(Les actions)$9(OLS)http://pul/title/1612 996 $6260$aNapoli :$bE. Jovene$9(OLS)http://pul/publisher/48372 LEADER 01066nam a2200277 a 4500 001 000000169062 003 CaOOAMICUS 005 20180911114622.0 008 180911s1993 it 000 u ita r 020 $a88-450-4932-9* 032 $aLibriCat 040 $aPul$bita 100 1 $aKierkegaard, Søren,$d1813-1855.$0(OLS)http://pul/name/5753 245 10$aOpere /$cSoeren Kierkegaard ; a cura di Cornelio Fabro . 260 $aFirenze :$bSansoni,$c©1993. 300 $aLXXVI, 1026 p. ; $c22 cm. 490 1 $aLa grande letteratura 700 1 $aFabro, Cornelio,$cc.p.s.,$d1911-1995.$0(OLS)http://pul/name/634 830 3$aLa grande letteratura.$0(OLS)http://pul/title/209615 850 $aPUL 852 $aPUL$W1$xDP1 Fondo Dalla Palma$y117$m9 C 10$j44418$qFondi$B197023$CPULBib$Z2$F197023 $HDal21 $81 941 1 $a1 996 $6020$a88-450-4932-9*$9(OLS)http://pul/number/164656 996 $6245$aOpere$9(OLS)http://pul/title/9199 996 $6260$aFirenze :$bSansoni$9(OLS)http://pul/publisher/47896